Power electronics : (Record no. 181888)
[ view plain ]
| 000 -LEADER | |
|---|---|
| fixed length control field | 00701 a2200205 4500 |
| 003 - CONTROL NUMBER IDENTIFIER | |
| control field | Nust |
| 005 - DATE AND TIME OF LATEST TRANSACTION | |
| control field | 20221122095209.0 |
| 010 ## - LIBRARY OF CONGRESS CONTROL NUMBER | |
| LC control number | 92213130 |
| 020 ## - INTERNATIONAL STANDARD BOOK NUMBER | |
| International Standard Book Number | 0333577205 |
| 040 ## - CATALOGING SOURCE | |
| Transcribing agency | Nust |
| 082 00 - DEWEY DECIMAL CLASSIFICATION NUMBER | |
| Classification number | 621.381,WIL |
| 100 1# - MAIN ENTRY--PERSONAL NAME | |
| Personal name | Williams, B. W. |
| 245 10 - TITLE STATEMENT | |
| Title | Power electronics : |
| Remainder of title | devices, drivers, applications, and passive components / |
| Statement of responsibility, etc. | B.W. Williams. |
| 250 ## - EDITION STATEMENT | |
| Edition statement | 2nd ed. |
| 260 ## - PUBLICATION, DISTRIBUTION, ETC. | |
| Place of publication, distribution, etc. | New York : |
| Name of publisher, distributor, etc. | McGraw-Hill, |
| Date of publication, distribution, etc. | c1992. |
| 300 ## - PHYSICAL DESCRIPTION | |
| Extent | xvi, 542 p. : |
| Other physical details | ill. ; |
| Dimensions | 24 cm. |
| 505 ## - FORMATTED CONTENTS NOTE | |
| Formatted contents note | Part.1: Devices (Page-1), Part.2: Drivers (Page-123), Load Considerations (Page-125),Part.3: Applications (Page-251), Part.4: Passive Components (Page-403). |
| 650 #0 - SUBJECT ADDED ENTRY--TOPICAL TERM | |
| Topical term or geographic name entry element | Power electronics. |
| 942 ## - ADDED ENTRY ELEMENTS (KOHA) | |
| Source of classification or shelving scheme | |
| Koha item type | Book |
| Withdrawn status | Lost status | Source of classification or shelving scheme | Damaged status | Not for loan | Permanent Location | Current Location | Shelving location | Date acquired | Full call number | Barcode | Date last seen | Price effective from | Koha item type | Public note | Total Checkouts |
|---|---|---|---|---|---|---|---|---|---|---|---|---|---|---|---|
| Military College of Signals (MCS) | Military College of Signals (MCS) | General Stacks | 12/12/2016 | 621.381,WIL | MCS27501 | 12/08/2016 | 12/12/2016 | Book | Almirah No.31, Shelf No.6 | ||||||
| Military College of Signals (MCS) | Military College of Signals (MCS) | General Stacks | 11/22/2022 | 621.381,WIL | MCS5395 | 11/22/2022 | 11/22/2022 | Book | Almirah No.31, Shelf No.6 |
